<?xml version="1.0" encoding="UTF-8"?>
<collection xmlns="http://www.loc.gov/MARC21/slim">
 <record>
  <leader>03084cam a2200745   4500</leader>
  <controlfield tag="001">1124836292</controlfield>
  <controlfield tag="003">DE-627</controlfield>
  <controlfield tag="005">20240320183748.0</controlfield>
  <controlfield tag="007">tu</controlfield>
  <controlfield tag="008">961014s1996    gw |||||      00| ||ger c</controlfield>
  <datafield tag="015" ind1=" " ind2=" ">
   <subfield code="a">96,N13,0576</subfield>
   <subfield code="2">dnb</subfield>
  </datafield>
  <datafield tag="015" ind1=" " ind2=" ">
   <subfield code="a">96,A22,1356</subfield>
   <subfield code="2">dnb</subfield>
  </datafield>
  <datafield tag="016" ind1="7" ind2=" ">
   <subfield code="a">946919569</subfield>
   <subfield code="2">DE-101</subfield>
  </datafield>
  <datafield tag="020" ind1=" " ind2=" ">
   <subfield code="a">3789605549</subfield>
   <subfield code="9">3-7896-0554-9</subfield>
  </datafield>
  <datafield tag="035" ind1=" " ind2=" ">
   <subfield code="a">(DE-627)1124836292</subfield>
  </datafield>
  <datafield tag="035" ind1=" " ind2=" ">
   <subfield code="a">(DE-576)054836298</subfield>
  </datafield>
  <datafield tag="035" ind1=" " ind2=" ">
   <subfield code="a">(DE-599)DNB946919569</subfield>
  </datafield>
  <datafield tag="035" ind1=" " ind2=" ">
   <subfield code="a">(OCoLC)231661398</subfield>
  </datafield>
  <datafield tag="035" ind1=" " ind2=" ">
   <subfield code="a">(OCoLC)35989229</subfield>
  </datafield>
  <datafield tag="035" ind1=" " ind2=" ">
   <subfield code="a">(OCoLC)231661398</subfield>
  </datafield>
  <datafield tag="040" ind1=" " ind2=" ">
   <subfield code="a">DE-627</subfield>
   <subfield code="b">ger</subfield>
   <subfield code="c">DE-627</subfield>
   <subfield code="e">rakwb</subfield>
  </datafield>
  <datafield tag="041" ind1=" " ind2=" ">
   <subfield code="a">ger</subfield>
  </datafield>
  <datafield tag="044" ind1=" " ind2=" ">
   <subfield code="c">XA-DE-BY</subfield>
   <subfield code="c">XA-DE</subfield>
  </datafield>
  <datafield tag="050" ind1=" " ind2="0">
   <subfield code="a">DD801.F662</subfield>
  </datafield>
  <datafield tag="082" ind1="0" ind2=" ">
   <subfield code="a">943/.31</subfield>
  </datafield>
  <datafield tag="082" ind1="0" ind2=" ">
   <subfield code="a">943.31</subfield>
  </datafield>
  <datafield tag="084" ind1=" " ind2=" ">
   <subfield code="a">45</subfield>
   <subfield code="a">61</subfield>
   <subfield code="a">63</subfield>
   <subfield code="2">sdnb</subfield>
  </datafield>
  <datafield tag="084" ind1=" " ind2=" ">
   <subfield code="a">9,10</subfield>
   <subfield code="2">ssgn</subfield>
  </datafield>
  <datafield tag="084" ind1=" " ind2=" ">
   <subfield code="a">NS 5620</subfield>
   <subfield code="2">rvk</subfield>
   <subfield code="0">(DE-625)rvk/130863:</subfield>
  </datafield>
  <datafield tag="084" ind1=" " ind2=" ">
   <subfield code="a">15.56</subfield>
   <subfield code="2">bkl</subfield>
  </datafield>
  <datafield tag="084" ind1=" " ind2=" ">
   <subfield code="a">15.45</subfield>
   <subfield code="2">bkl</subfield>
  </datafield>
  <datafield tag="100" ind1="1" ind2=" ">
   <subfield code="a">Heinz, Walter</subfield>
   <subfield code="4">aut</subfield>
  </datafield>
  <datafield tag="245" ind1="1" ind2="0">
   <subfield code="a">Ehemalige Adelssitze im Trubachtal</subfield>
   <subfield code="b">ein Wegweiser für Heimatfreunde und Wanderer</subfield>
   <subfield code="c">Walter Heinz</subfield>
  </datafield>
  <datafield tag="263" ind1=" " ind2=" ">
   <subfield code="a">kart. : DM 24.80</subfield>
  </datafield>
  <datafield tag="264" ind1=" " ind2="1">
   <subfield code="a">Erlangen</subfield>
   <subfield code="a">Jena</subfield>
   <subfield code="b">Palm und Enke</subfield>
   <subfield code="c">1996</subfield>
  </datafield>
  <datafield tag="300" ind1=" " ind2=" ">
   <subfield code="a">343 S.</subfield>
   <subfield code="b">Ill., graph. Darst., Kt.</subfield>
  </datafield>
  <datafield tag="336" ind1=" " ind2=" ">
   <subfield code="a">Text</subfield>
   <subfield code="b">txt</subfield>
   <subfield code="2">rdacontent</subfield>
  </datafield>
  <datafield tag="337" ind1=" " ind2=" ">
   <subfield code="a">ohne Hilfsmittel zu benutzen</subfield>
   <subfield code="b">n</subfield>
   <subfield code="2">rdamedia</subfield>
  </datafield>
  <datafield tag="338" ind1=" " ind2=" ">
   <subfield code="a">Band</subfield>
   <subfield code="b">nc</subfield>
   <subfield code="2">rdacarrier</subfield>
  </datafield>
  <datafield tag="490" ind1="1" ind2=" ">
   <subfield code="a">Die Fränkische Schweiz - Landschaft und Kultur</subfield>
   <subfield code="v">10</subfield>
  </datafield>
  <datafield tag="500" ind1=" " ind2=" ">
   <subfield code="a">Includes bibliographical references and index</subfield>
  </datafield>
  <datafield tag="583" ind1="1" ind2=" ">
   <subfield code="a">Archivierung prüfen</subfield>
   <subfield code="c">20200919</subfield>
   <subfield code="f">DE-640</subfield>
   <subfield code="z">1</subfield>
   <subfield code="2">pdager</subfield>
  </datafield>
  <datafield tag="583" ind1="1" ind2=" ">
   <subfield code="a">Archivierung/Langzeitarchivierung gewährleistet</subfield>
   <subfield code="f">SSG</subfield>
   <subfield code="x">XA-DE-BW</subfield>
   <subfield code="2">pdager</subfield>
   <subfield code="5">DE-16</subfield>
  </datafield>
  <datafield tag="650" ind1=" " ind2="0">
   <subfield code="a">Castles</subfield>
   <subfield code="x">Germany</subfield>
   <subfield code="x">Fränkische Schweiz</subfield>
  </datafield>
  <datafield tag="650" ind1=" " ind2="0">
   <subfield code="a">Nobility</subfield>
   <subfield code="x">Germany</subfield>
   <subfield code="x">Fränkische Schweiz</subfield>
  </datafield>
  <datafield tag="651" ind1=" " ind2="0">
   <subfield code="a">Fränkische Schweiz (Germany)</subfield>
   <subfield code="x">History</subfield>
  </datafield>
  <datafield tag="655" ind1=" " ind2="7">
   <subfield code="a">Führer</subfield>
   <subfield code="0">(DE-588)4155569-7</subfield>
   <subfield code="0">(DE-627)10551487X</subfield>
   <subfield code="0">(DE-576)20982008X</subfield>
   <subfield code="2">gnd-content</subfield>
  </datafield>
  <datafield tag="689" ind1="0" ind2="0">
   <subfield code="d">g</subfield>
   <subfield code="0">(DE-588)4408944-2</subfield>
   <subfield code="0">(DE-627)198065124</subfield>
   <subfield code="0">(DE-576)212141929</subfield>
   <subfield code="a">Trubachtal</subfield>
   <subfield code="2">gnd</subfield>
  </datafield>
  <datafield tag="689" ind1="0" ind2="1">
   <subfield code="d">s</subfield>
   <subfield code="0">(DE-588)4024581-0</subfield>
   <subfield code="0">(DE-627)104297948</subfield>
   <subfield code="0">(DE-576)208956166</subfield>
   <subfield code="a">Herrenhaus</subfield>
   <subfield code="2">gnd</subfield>
  </datafield>
  <datafield tag="689" ind1="0" ind2=" ">
   <subfield code="5">DE-101</subfield>
  </datafield>
  <datafield tag="689" ind1="1" ind2="0">
   <subfield code="a">z</subfield>
   <subfield code="2">gnd</subfield>
   <subfield code="a">Geschichte</subfield>
  </datafield>
  <datafield tag="689" ind1="1" ind2=" ">
   <subfield code="5">(DE-627)</subfield>
  </datafield>
  <datafield tag="787" ind1="0" ind2="8">
   <subfield code="i">Rezensiert in</subfield>
   <subfield code="a">Zeune, Joachim, 1952 - </subfield>
   <subfield code="t">[Rezension von: Ehemalige Adelssitze im Trubachtal]</subfield>
   <subfield code="d">Braubach : Europäisches Burgeninstitut, 1997</subfield>
   <subfield code="w">(DE-627)1810731542</subfield>
  </datafield>
  <datafield tag="830" ind1=" " ind2="4">
   <subfield code="a">Die Fränkische Schweiz - Landschaft und Kultur</subfield>
   <subfield code="v">10</subfield>
   <subfield code="9">10</subfield>
   <subfield code="w">(DE-627)505057743</subfield>
   <subfield code="w">(DE-576)479898391</subfield>
   <subfield code="w">(DE-600)2215410-3</subfield>
   <subfield code="7">ns</subfield>
  </datafield>
  <datafield tag="889" ind1=" " ind2=" ">
   <subfield code="w">(DE-627)194321533</subfield>
  </datafield>
  <datafield tag="935" ind1=" " ind2=" ">
   <subfield code="i">mdedup</subfield>
  </datafield>
  <datafield tag="936" ind1="r" ind2="v">
   <subfield code="a">NS 5620</subfield>
   <subfield code="b">Adel</subfield>
   <subfield code="k">Geschichte</subfield>
   <subfield code="k">Bayerische Landesgeschichte</subfield>
   <subfield code="k">Geschichte der einzelnen Landesteile</subfield>
   <subfield code="k">Franken</subfield>
   <subfield code="k">Allgemeines</subfield>
   <subfield code="k">Adel</subfield>
   <subfield code="0">(DE-627)1271476398</subfield>
   <subfield code="0">(DE-625)rvk/130863:</subfield>
   <subfield code="0">(DE-576)201476398</subfield>
  </datafield>
  <datafield tag="936" ind1="b" ind2="k">
   <subfield code="a">15.56</subfield>
   <subfield code="j">Bayern</subfield>
   <subfield code="x">Geschichte</subfield>
   <subfield code="q">coli-conc RVK-&gt;BK</subfield>
   <subfield code="q">https://coli-conc.gbv.de/api/mappings/43c653ef-dd5b-4ab8-994c-d6da9cf453c9</subfield>
   <subfield code="0">(DE-627)181571625</subfield>
  </datafield>
  <datafield tag="936" ind1="b" ind2="k">
   <subfield code="a">15.45</subfield>
   <subfield code="j">Geschichte der deutschen Länder und Städte: Allgemeines</subfield>
   <subfield code="0">(DE-627)181571501</subfield>
  </datafield>
  <datafield tag="951" ind1=" " ind2=" ">
   <subfield code="a">BO</subfield>
  </datafield>
  <datafield tag="990" ind1=" " ind2=" ">
   <subfield code="a">Trubachtal</subfield>
  </datafield>
  <datafield tag="990" ind1=" " ind2=" ">
   <subfield code="a">Herrenhaus</subfield>
  </datafield>
  <datafield tag="990" ind1=" " ind2=" ">
   <subfield code="a">Geschichte</subfield>
  </datafield>
  <datafield tag="991" ind1=" " ind2=" ">
   <subfield code="a">Rezensiertes Werk</subfield>
  </datafield>
  <datafield tag="999" ind1=" " ind2=" ">
   <subfield code="a">KXP-PPN1124836292</subfield>
   <subfield code="e">4186291497</subfield>
  </datafield>
 </record>
</collection>
